| 000 | 00710nam a2200229 i 4500 | ||
|---|---|---|---|
| 001 | 104526 | ||
| 003 | ES-MaACL | ||
| 005 | 20250824230754.0 | ||
| 007 | t| | ||
| 008 | 051201s1953 sp ||||1| spa d | ||
| 100 | 1 |
_aMindszenty, József. _981319 |
|
| 245 | 1 | 3 |
_aLa madre / _cJosef, cardenal Mindszenty ; [traducción de Fray Alfonso López]. |
| 260 |
_aMadrid : _bRialp, _c1953. |
||
| 300 |
_a292 p. ; _c17 cm. |
||
| 490 | 1 |
_aPatmos. Libros de espiritualidad ; _v23 |
|
| 600 | 0 | 4 |
_aVirgen María _9115436 |
| 650 | 4 |
_aMadres- _xVida religiosa. _9171433 |
|
| 700 | 1 |
_aLópez, Alfonso. _973298 |
|
| 830 | 1 | 0 |
_aPatmos (Rialp) _v23 _9181154 |
| 852 |
_aES-MaACL _jC-7416 |
||
| 999 |
_c104526 _d104526 |
||